| 000 | 01063nam0a22002531 4500 | ||
|---|---|---|---|
| 001 | rc\3981864 | ||
| 005 | 20260406120920.0 | ||
| 021 |
_aRU _b[55-33652] |
||
| 035 | _a(NLR Aleph) 008061856 | ||
| 090 |
_a9007836 _c9007836 |
||
| 100 | _a20130415d1955 |||y0rusy50 ca | ||
| 101 | 0 | _arus | |
| 102 | _aRU | ||
| 105 | _ay z ||||| | ||
| 200 | 1 |
_aПравила технической эксплуатации оборудования пенько-джутовой промышленности _eРовничная машина _eУтв. 2/X 1954 г. _fМ-во пром. товаров широкого потребления СССР |
|
| 210 |
_aМосква _cГизлегпром _d1955 |
||
| 215 |
_a52 с. _d17 |
||
| 606 |
_aРовные машины _xЭксплуатация _2psbo |
||
| 712 | 0 | 1 |
_aСССР _bМинистерство промышленных товаров широкого потребления _3RU\NLR\AUTH\8813433 _9299869 |
| 801 | 0 |
_aRU _bNLR _gpsbo |
|
| 801 | 1 |
_aRU _bELAR _2rusmarc |
|
| 852 |
_aNLR _jТ56 Г-2/209 |
||
| 942 | _cBOOK | ||
| 980 | _aNB | ||